Romancero gitano: 1924-1927
সংরক্ষণ করুন:
| প্রধান লেখক: | |
|---|---|
| বিন্যাস: | গ্রন্থ |
| ভাষা: | স্প্যানিশ |
| প্রকাশিত: |
Santiago
Quimantú
1973
|
| সংস্করন: | 2a. ed |
| বিষয়গুলি: | |
| ট্যাগগুলো: |
ট্যাগ যুক্ত করুন
কোনো ট্যাগ নেই, প্রথমজন হিসাবে ট্যাগ করুন!
|
MARC
| LEADER | 00000nam a2200000 a 4500 | ||
|---|---|---|---|
| 001 | UCH0501 | ||
| 003 | CL-VaPUC | ||
| 008 | 090312e19730000CL |||||||||||||||||spa|d | ||
| 082 | 0 | 4 | |a 861 |b GAR |2 21 |
| 100 | |a García Lorca, Federico |e autor |9 315690 | ||
| 245 | 1 | 0 | |a Romancero gitano: 1924-1927 |
| 250 | |a 2a. ed | ||
| 300 | |a 122 p | ||
| 942 | |c BK | ||
| 945 | |d 20090312 00:00:00 |a cmena | ||
| 260 | |a Santiago |b Quimantú |c 1973 | ||
| 650 | 0 | |a Poesías españolas |9 265100 | |
| 650 | 0 | |a Literatura española |9 306261 | |
| 650 | 0 | |a Formas y géneros literarios |9 324031 | |
| 583 | |a last modification |c 20140401 10:02:33 |k Rodrigo Vera | ||
| 999 | |c 332797 |d 332795 | ||
| 952 | |0 0 |1 0 |4 0 |6 861_000000000000000_GAR_1973 |7 0 |8 A |9 420736 |a BIBEDU |b BIBEDU |d 2019-11-22 |i 4519191 |l 1 |m 2 |o 861 GAR 1973 |p 4519191 |r 2024-11-11 |s 2024-10-17 |w 2019-11-22 |y BK |k LIT | ||